00686nam a22001817a 450000500170000001000340001702000340005103500130008503700250009808200080012310000260013124501760015725000200033326000300035327000860038330000190046970000160048820240912164204.0 aB-760277 RP c340.00a9788190817530 Vol. II aB-760277 bAkshresh Enterprises a000 aBarnwal, Kumar Mahesh aGeneral Studies One Liner :bEco/Sci/Sci-Tech/ Art& Culture/ Computer/ Sports/ Awards/ Miscellaneous (The Gist of Ncert) VI to XII /cby Mahesh Kumar Barnwal, Kunal Verma  aNCERT Series 15 aDelhibCosmos Publication bDelhiaB-3, 37-38-39, Ansal Building, Comm. Complex Dr. Mukherjee Nagar, e110009 aVp.c28cm(pbk) aVerma Kunal